000 00307nam a2200121 a 4500
008 101213s1956|||| d
245 1 0 _aSprievodca repertoárom pre spevácke súbory ĽUT
100 1 _aNovák, Ján
260 _bSUĽUT
_aBratislava
_c1956
020 _c10
044 _axo
_cSK
041 _aslo
999 _c15181
_d15181